Logo BPK

Biblioteka

Politechniki Koszalińskiej

CAE Advantage / (Rekord nr 47389)

Szczegóły MARC
000 -ETYKIETA REKORDU
podpole kontrolne o stałej długości 00421nam a2200169 i 4500
001 - NUMER KONTROLNY REKORDU
pole kontrolne bgj
040 ## - ŹRÓDŁO KATALOGOWANIA
Instytucja, która utworzyła rekord BPK
041 0# - KOD JĘZYKA
Kod języka tekstu eng
008 - POLE O STAŁEJ DŁUGOŚCI - DANE KONTROLNE
podpole kontrolne o stałej długości s uk f |000 0 eng
100 1# - NAZWA OSOBOWA
Nazwa osobowa KINGSBURY, Roy
245 #0 - TYTUŁ/ODPOWIEDZIALNOŚĆ
Tytuł CAE Advantage /
Pozostałe elementy strefy tytułu i oznaczenia odpowiedzialności Roy Kingsbury, Felicity O'Dell, Guy Wellman.
250 ## - STREFA WYDANIA
Oznaczenie wydania [2nd impr.].
260 ## - STREFA ADRESU WYDAWNICZEGO
Miejsce wydania Harlow, Essex,
Data publikacji, dystrybucji/powstania dokumentu 1992.
700 1# - HASŁO DODATKOWE - NAZWA OSOBOWA
Nazwa osobowa O'DELL, Felicity
700 1# - HASŁO DODATKOWE - NAZWA OSOBOWA
Nazwa osobowa WELLMAN, Guy
942 ## - DODATKOWE ELEMENTY (KOHA)
Typ dokumentu Książka
Egzemplarze
Wycofany Status egzemplarza Uszkodzony Dostępność Lokalizacja stała Lokalizacja bieżąca Miejsce przechowywania Sygnatura Kod kreskowy Typ dokumentu
      Dostępny Biblioteka Politechniki Koszalińskiej Biblioteka Politechniki Koszalińskiej Wypożyczalnia Językowa KA 3552 02124414 Książka
© 2023 Biblioteka Politechniki Koszalińskiej :: KOHA